[Event "CZE-chT2B 2122"]
[Site "Czech Republic"]
[Date "2021.12.19"]
[Round "5.7"]
[White "Hozda, Max"]
[Black "Kindl, Frantisek"]
[Result "1-0"]
[WhiteElo "1864"]
[BlackElo "1850"]
[PlyCount "47"]
[EventDate "2021.10.17"]
[EventType "team-tourn"]
[EventRounds "11"]
[EventCountry "CZE"]
[SourceTitle "EXT 2025"]
[Source "ChessBase"]
[SourceDate "2024.10.14"]
[SourceVersion "1"]
[SourceVersionDate "2024.10.14"]
[SourceQuality "1"]
[WhiteTeam "Praha Dukla"]
[BlackTeam "Udlice"]
[WhiteTeamCountry "CZE"]
[BlackTeamCountry "CZE"]

1. d4 Nf6 2. c4 g6 3. Nc3 d5 4. Bg5 Ne4 5. Bh4 Nxc3 6. bxc3 b6 7. e3 Bb7 8. Nf3 Bg7 9. Be2 0-0 10. 0-0 c5 11. Rb1 Nd7 12. Qa4 Re8 13. cxd5 Bxd5 14. Bb5 Be6 15. Bc6 Rc8 16. Ng5 Bf5 17. e4 Bg4 18. f3 b5 19. Qxb5 Rb8 20. Qc4 e6 21. fxg4 Rxb1 22. Rxb1 cxd4 23. Nf3 Qc8 24. cxd4 1-0

[Event "Ricany op"]
[Site "Ricany"]
[Date "2015.08.29"]
[Round "9"]
[White "Vlkova, Anezka"]
[Black "Kindl, Frantisek"]
[Result "1-0"]
[WhiteElo "1564"]
[BlackElo "1847"]
[PlyCount "117"]
[EventDate "2015.08.22"]
[EventType "swiss"]
[EventRounds "9"]
[EventCountry "CZE"]
[SourceTitle "EXT 2023"]
[Source "ChessBase"]
[SourceDate "2022.10.05"]
[SourceVersion "1"]
[SourceVersionDate "2022.10.05"]
[SourceQuality "1"]

1. e4 c5 2. Nc3 Nc6 3. g3 Nf6 4. Bg2 h6 5. f4 d6 6. h3 e6 7. d3 Be7 8. Nf3 Nh5 9. Ne2 Qb6 10. c3 Qd8 11. 0-0 f5 12. Be3 0-0 13. g4 fxe4 14. dxe4 Nf6 15. Ng3 Nh7 16. f5 e5 17. Qd5+ Kh8 18. Nh5 Nf6 19. Nxf6 Bxf6 20. Rad1 Be7 21. Kh2 Bd7 22. Bxc5 Bxf5 23. exf5 dxc5 24. Qe4 Qc7 25. h4 Rad8 26. g5 Rxd1 27. Rxd1 Rd8 28. Re1 Qd6 29. Kh1 hxg5 30. hxg5 Qd3 31. Qh4+ Kg8 32. Qh3 e4 33. g6 Bf6 34. Ng1 Qxh3+ 35. Nxh3 Ne7 36. Bxe4 Rd2 37. Bxb7 Rxb2 38. Bd5+ Kf8 39. Bf7 Rb8 40. Nf4 Nc6 41. Ne6+ Ke7 42. Nxg7+ Ne5 43. Ne6 Nxf7 44. Nxc5+ Ne5 45. Nd3 Kd6 46. Nb4 Rh8+ 47. Kg2 Rh5 48. Rf1 Rg5+ 49. Kh3 a5 50. Nc2 Nc4 51. Nd4 Bxd4 52. cxd4 Ne3 53. Re1 Nxf5 54. Re5 Rg3+ 55. Kh2 Rf3 56. Rxa5 Rc3 57. Rxf5 Rc2+ 58. Kh3 Rxa2 59. g7 1-0

[Event "Ricany op"]
[Site "Ricany"]
[Date "2015.08.23"]
[Round "3"]
[White "Hrbek, Stepan"]
[Black "Kindl, Frantisek"]
[Result "0-1"]
[WhiteElo "1683"]
[BlackElo "1847"]
[PlyCount "92"]
[EventDate "2015.08.22"]
[EventType "swiss"]
[EventRounds "9"]
[EventCountry "CZE"]
[SourceTitle "EXT 2023"]
[Source "ChessBase"]
[SourceDate "2022.10.05"]
[SourceVersion "1"]
[SourceVersionDate "2022.10.05"]
[SourceQuality "1"]

1. d4 Nf6 2. c4 g6 3. Nc3 d5 4. g3 Bg7 5. Nf3 0-0 6. Bg2 dxc4 7. Qa4 Nc6 8. Qxc4 Be6 9. Qa4 a6 10. 0-0 b5 11. Qd1 Rb8 12. e3 Nd5 13. e4 Nxc3 14. bxc3 Bg4 15. h3 Bc8 16. Nd2 Bb7 17. f4 Nxd4 18. Kh2 Ne6 19. Qc2 Nc5 20. Re1 Qd3 21. Qxd3 Nxd3 22. Re3 Bxc3 23. Rb1 Rfd8 24. Nb3 Bg7 25. Na5 Ba8 26. Bd2 c5 27. a4 Nxf4 28. gxf4 Rxd2 29. axb5 axb5 30. Nc4 Rd4 31. Na3 b4 32. Nc2 Rd2 33. Ne1 Bd4 34. Reb3 Bxe4 35. Rc1 Ra8 36. Kh1 Bxg2+ 37. Nxg2 Raa2 38. Rg3 b3 39. Kh2 b2 40. Rb1 Ra1 41. Rxb2 Rxb2 42. Rf3 Raa2 43. Rg3 Rxg2+ 44. Rxg2 Rxg2+ 45. Kxg2 Kg7 46. Kf3 f5 0-1

[Event "CZE-ch Seniors 60"]
[Site "Rychnov nad Kneznou"]
[Date "2015.08.16"]
[Round "2"]
[White "Kindl, Frantisek"]
[Black "Juricek, Stanislav"]
[Result "0-1"]
[WhiteElo "1810"]
[BlackElo "2112"]
[PlyCount "82"]
[EventDate "2015.08.15"]
[EventType "swiss"]
[EventRounds "9"]
[EventCountry "CZE"]
[SourceTitle "EXT 2016"]
[Source "ChessBase"]
[SourceDate "2015.10.08"]
[SourceVersion "1"]
[SourceVersionDate "2015.10.08"]
[SourceQuality "1"]

1. c4 e5 2. Nc3 Nc6 3. g3 g6 4. Bg2 Bg7 5. d3 d6 6. Nf3 Nf6 7. Rb1 a5 8. 0-0 h6 9. a3 Be6 10. Bd2 Qd7 11. b4 axb4 12. axb4 0-0 13. Qc2 Ne7 14. e4 c6 15. Na4 Qc7 16. Be3 Nd7 17. c5 d5 18. Nb6 Rad8 19. Rfd1 f5 20. exd5 Nxd5 21. Nxd5 Bxd5 22. d4 Be4 23. Qb3+ Kh7 24. Rbc1 f4 25. gxf4 exf4 26. Bd2 Nf6 27. Bc3 Qd7 28. Ne5 Qf5 29. Bb2 Bxg2 30. Kxg2 Nd5 31. Qd3 Qg5+ 32. Kf1 Nxb4 33. Qb3 Bxe5 34. Qxb4 f3 35. Qxb7+ Kg8 36. Rd3 Qg2+ 37. Ke1 Qg1+ 38. Kd2 Qxf2+ 39. Kc3 Rxd4 40. Rxd4 Qxd4+ 41. Kc2 Qe4+ 0-1

[Event "Teplice op 10th"]
[Site "Teplice"]
[Date "2015.06.21"]
[Round "9"]
[White "Kindl, Frantisek"]
[Black "Zahour, Ivan"]
[Result "1-0"]
[WhiteElo "1833"]
[BlackElo "2058"]
[PlyCount "73"]
[EventDate "2015.06.13"]
[EventType "swiss"]
[EventRounds "9"]
[EventCountry "CZE"]
[SourceTitle "EXT 2017"]
[Source "ChessBase"]
[SourceDate "2016.10.25"]
[SourceVersion "1"]
[SourceVersionDate "2016.10.25"]
[SourceQuality "1"]

1. Nf3 g6 2. e4 d6 3. d4 Bg7 4. Nc3 c6 5. h3 Nd7 6. Bd3 a6 7. 0-0 Qc7 8. Bd2 e6 9. Qc1 b5 10. Ne2 Ne7 11. c4 Rb8 12. Bh6 0-0 13. Bxg7 Kxg7 14. cxb5 axb5 15. b4 Nb6 16. Ng3 Na4 17. Qg5 Ng8 18. Rfc1 f6 19. Qd2 Qb6 20. Bc2 Ba6 21. Bb3 Rfe8 22. e5 fxe5 23. dxe5 d5 24. Qg5 Kh8 25. Bc2 Rb7 26. Nh4 Rf8 27. Rf1 Qd8 28. Qg4 g5 29. Nf3 Rf4 30. Qh5 h6 31. Qg6 Qe7 32. Nh5 Rf8 33. Nd4 Re8 34. Nf6 Nxf6 35. exf6 Qf8 36. Nxc6 Rf7 37. Ne5 1-0

[Event "Teplice op 10th"]
[Site "Teplice"]
[Date "2015.06.17"]
[Round "5"]
[White "Kindl, Frantisek"]
[Black "Hruby, Vaclav"]
[Result "1-0"]
[WhiteElo "1833"]
[BlackElo "1692"]
[PlyCount "117"]
[EventDate "2015.06.13"]
[EventType "swiss"]
[EventRounds "9"]
[EventCountry "CZE"]
[SourceTitle "EXT 2017"]
[Source "ChessBase"]
[SourceDate "2016.10.25"]
[SourceVersion "1"]
[SourceVersionDate "2016.10.25"]
[SourceQuality "1"]

1. Nf3 d5 2. g3 Nc6 3. Bg2 e5 4. d3 Be7 5. 0-0 Nf6 6. Nbd2 0-0 7. c4 h6 8. cxd5 Nxd5 9. Nc4 Bf6 10. Rb1 Re8 11. Ncd2 g6 12. a3 Bg7 13. b4 Nc3 14. Qb3 Nxb1 15. Qxb1 a6 16. Ne4 b6 17. Qc2 Bb7 18. e3 Rb8 19. Bb2 Re7 20. h4 Qe8 21. Nh2 Nd8 22. Rc1 f5 23. Nc3 Bxg2 24. Kxg2 Qc6+ 25. e4 fxe4 26. dxe4 Rd7 27. Qe2 b5 28. Nd5 Qd6 29. Rd1 Qe6 30. Ng4 Rf7 31. Bc1 h5 32. Nh2 c6 33. Nc3 Rd7 34. Bd2 Nf7 35. Rc1 Rbd8 36. Nf3 Kh7 37. Bg5 Bf6 38. Be3 Qg4 39. Na2 Qe6 40. Rc3 Rc8 41. Nc1 Nd6 42. Bg5 Nc4 43. Nd3 Be7 44. Bxe7 Qxe7 45. Nc5 Ra7 46. Ng5+ Kg8 47. Nce6 a5 48. Rf3 Rd7 49. Rf7 Qd6 50. Qf3 Qxe6 51. Nxe6 Rxf7 52. Qd3 axb4 53. axb4 Re7 54. Ng5 Kg7 55. Qd1 Kg8 56. Qa1 Ree8 57. Qa7 Nd6 58. Qh7+ Kf8 59. Qxg6 1-0

[Event "Prague Golden op 10th"]
[Site "Prague"]
[Date "2014.06.26"]
[Round "6"]
[White "Kindl, Frantisek"]
[Black "Pribyl, Viktor"]
[Result "0-1"]
[WhiteElo "1899"]
[BlackElo "1496"]
[PlyCount "158"]
[EventDate "2014.06.22"]
[EventType "swiss"]
[EventRounds "9"]
[EventCountry "CZE"]
[SourceTitle "CBM 161 Extra"]
[Source "ChessBase"]
[SourceDate "2014.08.29"]
[SourceVersion "1"]
[SourceVersionDate "2014.08.29"]
[SourceQuality "1"]

1. Nf3 Nf6 2. c4 g6 3. Nc3 d5 4. cxd5 Nxd5 5. Qb3 c6 6. g3 Bg7 7. Bg2 Nxc3 8. bxc3 0-0 9. d4 Nd7 10. Ba3 Nb6 11. 0-0 Qc7 12. Bc1 Be6 13. Qc2 Rfd8 14. e4 Rac8 15. Re1 Nc4 16. a4 Qa5 17. Bg5 Qc7 18. Bf4 Qa5 19. Ng5 Bd7 20. Qb3 Nd6 21. Bxd6 Qxg5 22. Bf4 Qa5 23. e5 Be6 24. Qb2 Bd5 25. Bh3 e6 26. Bg5 Rd7 27. Bd2 Qa6 28. a5 b6 29. axb6 Qxb6 30. Qxb6 axb6 31. Ra6 Rb7 32. Bf1 c5 33. c4 Bf3 34. Re3 Bg4 35. Bg2 Rbb8 36. d5 exd5 37. Bxd5 Rd8 38. Re1 Be6 39. Bg5 Rd7 40. Bxe6 fxe6 41. Rb1 Rdb7 42. Bf4 Kf7 43. g4 h6 44. Bg3 g5 45. f4 gxf4 46. Bxf4 Kg6 47. Kf2 h5 48. gxh5+ Kxh5 49. Rg1 Rf7 50. Ke3 Bh6 51. Bxh6 Kxh6 52. Ke4 Rf2 53. h3 Re2+ 54. Kd3 Rxe5 55. Ra7 Rd8+ 56. Kc2 Rg5 57. Re1 Rd6 58. Re7 Rg6 59. Kb3 Kg5 60. Rg1+ Kf6 61. Rxg6+ Kxg6 62. Kc3 Kf6 63. Rh7 Rd4 64. Rh8 Kg7 65. Rb8 Rd6 66. Rb7+ Kg6 67. Rb8 e5 68. Re8 Kf5 69. Rf8+ Kg5 70. Rg8+ Kf4 71. Rg1 e4 72. Rf1+ Kg3 73. Re1 Rd3+ 74. Kc2 Rd4 75. Re3+ Kf4 76. Rb3 Rxc4+ 77. Kd2 e3+ 78. Rxe3 Rd4+ 79. Ke2 Re4 0-1

[Event "Ricany op"]
[Site "Ricany"]
[Date "2013.08.27"]
[Round "5"]
[White "Hlina, Miloslav"]
[Black "Kindl, Frantisek"]
[Result "0-1"]
[WhiteElo "1862"]
[BlackElo "1922"]
[PlyCount "76"]
[EventDate "2013.08.24"]
[EventType "swiss"]
[EventRounds "9"]
[EventCountry "CZE"]
[SourceTitle "EXT 2022"]
[Source "ChessBase"]
[SourceDate "2021.10.06"]
[SourceVersion "1"]
[SourceVersionDate "2021.10.06"]
[SourceQuality "1"]

1. d4 Nf6 2. Nf3 g6 3. e3 Bg7 4. b3 0-0 5. Bb2 d5 6. Bd3 Ne4 7. c4 Nc5 8. Bc2 dxc4 9. bxc4 Ne6 10. Nc3 c5 11. d5 Nc7 12. 0-0 e6 13. e4 Nba6 14. Rb1 Nb4 15. Bb3 exd5 16. cxd5 Ne8 17. a3 Na6 18. Re1 Nd6 19. e5 Nf5 20. Qd3 Nc7 21. Ne4 b6 22. Nf6+ Bxf6 23. exf6 Ne8 24. g4 Nfd6 25. g5 Bf5 26. Qe3 Bxb1 27. Rxb1 Qd7 28. Bc2 Qg4+ 29. Kh1 Nc4 30. Qc3 Nxb2 31. Rxb2 Nd6 32. Rb1 Ne4 33. Bxe4 Qxe4 34. Rg1 Rad8 35. Rg2 Rxd5 36. Nd2 Qe1+ 37. Rg1 Qxd2 38. Qh3 Rxg5 0-1

[Event "Ricany op"]
[Site "Ricany"]
[Date "2013.08.24"]
[Round "1"]
[White "Haman, Jakub"]
[Black "Kindl, Frantisek"]
[Result "1-0"]
[WhiteElo "2170"]
[BlackElo "1922"]
[PlyCount "73"]
[EventDate "2013.08.24"]
[EventType "swiss"]
[EventRounds "9"]
[EventCountry "CZE"]
[SourceTitle "EXT 2022"]
[Source "ChessBase"]
[SourceDate "2021.10.06"]
[SourceVersion "1"]
[SourceVersionDate "2021.10.06"]
[SourceQuality "1"]

1. e4 c5 2. Nf3 Nc6 3. Bb5 g6 4. 0-0 Bg7 5. Re1 e5 6. c3 a6 7. Bxc6 dxc6 8. d3 Bg4 9. h3 Bxf3 10. Qxf3 Ne7 11. Na3 0-0 12. Be3 b6 13. Nc4 Qc7 14. a4 Rad8 15. Qe2 a5 16. Red1 f5 17. f3 f4 18. Bf2 Nc8 19. Rd2 Bf6 20. Rad1 Nd6 21. d4 cxd4 22. cxd4 exd4 23. e5 d3 24. Qxd3 Nf7 25. Bxb6 Rxd3 26. Bxc7 Rxd2 27. Rxd2 Be7 28. Bxa5 Bc5+ 29. Kf1 Ra8 30. b4 Be3 31. Rd7 Re8 32. Bc7 Bc1 33. Rxf7 Kxf7 34. Nd6+ Ke7 35. Nxe8 Kxe8 36. a5 Be3 37. Bb6 1-0

[Event "Karlovy Vary op"]
[Site "Karlovy Vary"]
[Date "2009.05.02"]
[Round "5"]
[White "Kovar, Petr1"]
[Black "Kindl, Frantisek"]
[Result "1/2-1/2"]
[WhiteElo "2063"]
[BlackElo "1944"]
[PlyCount "45"]
[EventDate "2009.04.29"]
[EventType "swiss"]
[EventRounds "7"]
[EventCountry "CZE"]
[SourceTitle "CBM 130 Extra"]
[Source "ChessBase"]
[SourceDate "2009.07.02"]
[SourceVersion "2"]
[SourceVersionDate "2009.07.15"]
[SourceQuality "1"]

1. Nf3 d5 2. d4 Nf6 3. c4 g6 4. Nc3 Bg7 5. e3 e6 6. b4 0-0 7. Be2 dxc4 8. Bxc4 b6 9. 0-0 c5 10. bxc5 bxc5 11. Ba3 Qa5 12. Qc1 Ba6 13. Ne5 Nfd7 14. Bxa6 Qxa6 15. Ne4 Nxe5 16. Nxc5 Nd3 17. Nxa6 Nxc1 18. Bxf8 Ne2+ 19. Kh1 Nxa6 20. Bxg7 Kxg7 21. Rab1 Nc3 22. Rb2 Rb8 23. Rc2 1/2-1/2

[Event "Sec op-A"]
[Site "Sec u Chrudimi"]
[Date "2007.10.23"]
[Round "5"]
[White "Sladek, Jaroslav"]
[Black "Kindl, Frantisek"]
[Result "1/2-1/2"]
[WhiteElo "2041"]
[BlackElo "1936"]
[PlyCount "42"]
[EventDate "2007.10.20"]
[EventType "swiss"]
[EventRounds "9"]
[EventCountry "CZE"]
[SourceTitle "EXT 2022"]
[Source "ChessBase"]
[SourceDate "2021.10.06"]
[SourceVersion "1"]
[SourceVersionDate "2021.10.06"]
[SourceQuality "1"]

1. e4 c5 2. Nf3 Nc6 3. c3 d6 4. d4 Nf6 5. d5 Ne5 6. Nxe5 dxe5 7. f3 e6 8. Bb5+ Bd7 9. Bxd7+ Qxd7 10. c4 Be7 11. Nc3 exd5 12. exd5 0-0 13. 0-0 Ne8 14. f4 Nd6 15. fxe5 Nxc4 16. d6 Bd8 17. Qd5 Nb6 18. Qe4 f6 19. Nd5 fxe5 20. Rxf8+ Kxf8 21. Nxb6 axb6 1/2-1/2

[Event "Sec op-A"]
[Site "Sec u Chrudimi"]
[Date "2007.10.21"]
[Round "2"]
[White "Kindl, Frantisek"]
[Black "Rezac, Jindrich"]
[Result "1-0"]
[WhiteElo "1936"]
[BlackElo "1829"]
[PlyCount "65"]
[EventDate "2007.10.20"]
[EventType "swiss"]
[EventRounds "9"]
[EventCountry "CZE"]
[SourceTitle "EXT 2022"]
[Source "ChessBase"]
[SourceDate "2021.10.06"]
[SourceVersion "1"]
[SourceVersionDate "2021.10.06"]
[SourceQuality "1"]

1. Nf3 d5 2. g3 c5 3. Bg2 Nf6 4. 0-0 Nc6 5. d3 e5 6. Nbd2 Be7 7. e4 d4 8. Nc4 Qc7 9. a4 Be6 10. Na3 a6 11. Bd2 0-0 12. h3 Rfe8 13. Ng5 Bd7 14. f4 h6 15. Nf3 exf4 16. gxf4 b5 17. e5 Nh7 18. Qe1 bxa4 19. Nc4 Be6 20. Na5 Bd5 21. c4 dxc3 22. Bxc3 Nxa5 23. Bxa5 Qc6 24. Bc3 Nf8 25. f5 Nd7 26. Qg3 Kh8 27. e6 Nf6 28. Ne5 Qb7 29. Nxf7+ Kg8 30. Nxh6+ Kh8 31. Nf7+ Kg8 32. Bxd5 Qxd5 33. Qh4 1-0

[Event "CZE Juniorcentrum op-A"]
[Site "Sec u Chrudimi"]
[Date "2005.10.29"]
[Round "9"]
[White "Kindl, Frantisek"]
[Black "Kralovec, Vaclav"]
[Result "1/2-1/2"]
[WhiteElo "1981"]
[BlackElo "1884"]
[PlyCount "110"]
[EventDate "2005.10.22"]
[EventType "swiss"]
[EventRounds "9"]
[EventCountry "CZE"]
[SourceTitle "EXT 2008"]
[Source "ChessBase"]
[SourceDate "2007.11.25"]
[SourceVersion "1"]
[SourceVersionDate "2007.11.25"]
[SourceQuality "1"]

1. g3 g6 2. Bg2 Bg7 3. Nf3 Nf6 4. 0-0 d6 5. d3 0-0 6. e4 Nc6 7. Nbd2 e5 8. h3 Bd7 9. Nh2 Qc8 10. g4 Nd4 11. f3 Ne6 12. Rf2 Nf4 13. Ndf1 Nxg2 14. Kxg2 d5 15. Ng3 c6 16. Bd2 Be6 17. f4 exf4 18. Bxf4 dxe4 19. dxe4 Nxe4 20. Nxe4 Bd5 21. c3 Bxe4+ 22. Kg3 Rd8 23. Rd2 Rxd2 24. Qxd2 Qd8 25. Qe2 Bd5 26. c4 Be6 27. Rd1 Qf6 28. b3 Rd8 29. Rxd8+ Qxd8 30. Be5 h5 31. Bxg7 Kxg7 32. Qe3 Qd6+ 33. Kg2 hxg4 34. Nxg4 Bxg4 35. hxg4 a6 36. g5 c5 37. Qc3+ Qd4 38. Qxd4+ cxd4 39. Kf3 f6 40. Ke4 fxg5 41. Kxd4 Kf6 42. b4 g4 43. b5 g3 44. Ke3 g2 45. Kf2 g1Q+ 46. Kxg1 axb5 47. cxb5 b6 48. Kf2 Ke5 49. Ke3 Kd5 50. Kf4 Kc5 51. Kg5 Kxb5 52. Kxg6 Kb4 53. Kf5 Ka3 54. Ke4 b5 55. Kd4 b4 1/2-1/2

[Event "CZE Juniorcentrum op-A"]
[Site "Sec u Chrudimi"]
[Date "2005.10.27"]
[Round "7"]
[White "Kracik, Martin"]
[Black "Kindl, Frantisek"]
[Result "1/2-1/2"]
[WhiteElo "1935"]
[BlackElo "1981"]
[PlyCount "53"]
[EventDate "2005.10.22"]
[EventType "swiss"]
[EventRounds "9"]
[EventCountry "CZE"]
[SourceTitle "EXT 2008"]
[Source "ChessBase"]
[SourceDate "2007.11.25"]
[SourceVersion "1"]
[SourceVersionDate "2007.11.25"]
[SourceQuality "1"]

1. e4 g6 2. d4 Bg7 3. Nf3 d6 4. Bc4 Nf6 5. Qe2 0-0 6. 0-0 d5 7. exd5 Nxd5 8. c3 Nc6 9. Bg5 h6 10. Be3 Be6 11. Bd3 Bg4 12. h3 Bxf3 13. Qxf3 e5 14. Be4 exd4 15. Bxd5 Ne5 16. Qd1 dxe3 17. fxe3 Qg5 18. Qe2 c6 19. Bb3 Rad8 20. Nd2 Rd3 21. Rae1 Rfd8 22. Nf3 Nxf3+ 23. Qxf3 Rd2 24. Rf2 Rxf2 25. Qxf2 Qf6 26. Qxf6 Bxf6 27. Rd1 1/2-1/2

[Event "CZE Juniorcentrum op-A"]
[Site "Sec u Chrudimi"]
[Date "2005.10.22"]
[Round "1"]
[White "Kindl, Frantisek"]
[Black "Horak, Karel"]
[Result "1-0"]
[WhiteElo "1981"]
[BlackElo "1738"]
[PlyCount "40"]
[EventDate "2005.10.22"]
[EventType "swiss"]
[EventRounds "9"]
[EventCountry "CZE"]
[SourceTitle "EXT 2008"]
[Source "ChessBase"]
[SourceDate "2007.11.25"]
[SourceVersion "1"]
[SourceVersionDate "2007.11.25"]
[SourceQuality "1"]

1. g3 g6 2. Bg2 Bg7 3. Nf3 Nc6 4. 0-0 e5 5. e4 d6 6. d3 Be6 7. Nc3 Nce7 8. Ng5 Bd7 9. f4 h6 10. Nxf7 Kxf7 11. fxe5+ Nf6 12. exf6 Bxf6 13. Qf3 Ng8 14. d4 Bc6 15. Qf2 Qe7 16. Bd2 Rf8 17. e5 dxe5 18. Bxc6 bxc6 19. dxe5 Qxe5 20. Rae1 Qxe1 1-0